Enterprise restructuring and the role of managers in Russia : case studies of firms in transition /

Bibliographic Details
Main Author: Krueger, Gary, 1959-
Format: Book
Language:English
Published: Armonk, N.Y. : M.E. Sharpe, [2004]
Series:Microeconomics of transition economies.
Subjects:
Online Access:Table of contents

MARC

Tag First Indicator Second Indicator Subfields
LEADER 00000cam a22000004a 4500
001 in00001844521
005 20151026075845.0
008 031027s2004 nyua b 001 0 eng
010 |a  2003023617 
020 |a 076561426X (hardcover : alk. paper) 
035 |a (OCoLC)ocm53315227 
040 |a DLC  |c DLC  |d YDX  |d OCLCQ  |d TXA  |d UtOrBLW 
042 |a pcc 
043 |a e-ru--- 
049 |a TXAM 
050 0 0 |a HD70.R9  |b K68 2004 
082 0 0 |a 338.7/0947  |2 22 
100 1 |a Krueger, Gary,  |d 1959- 
245 1 0 |a Enterprise restructuring and the role of managers in Russia :  |b case studies of firms in transition /  |c Gary Krueger. 
264 1 |a Armonk, N.Y. :  |b M.E. Sharpe,  |c [2004] 
264 4 |c ©2004 
300 |a xiii, 222 pages :  |b illustrations ;  |c 24 cm. 
336 |a text  |b txt  |2 rdacontent 
337 |a unmediated  |b n  |2 rdamedia 
338 |a volume  |b nc  |2 rdacarrier 
490 1 |a The microeconomics of transition economies 
504 |a Includes bibliographical references (pages 205-211) and index. 
505 0 |a Legacy and survival. Russian industry's Soviet legacy. Russia's transition economy -- Case studies of enterprise restructuring. Machinery. Light industry. Consumer durables : watches and tires. Food : bread and meat. Collapse and recovery : enterprise restructuring post-1998 -- Conclusions and methods. Explaining the propensity to restructure. 
650 0 |a Industrial management  |z Russia (Federation)  |v Case studies. 
650 0 |a Business enterprises  |z Russia (Federation)  |v Case studies. 
650 0 |a Privatization  |z Russia (Federation)  |v Case studies. 
830 0 |a Microeconomics of transition economies. 
856 4 1 |3 Table of contents  |u http://www.loc.gov/catdir/toc/ecip0410/2003023617.html  |t 0 
994 |a E0  |b TXA 
948 |a cataloged  |b h  |c 2004/7/20  |d c  |e bwalker  |f 1:41:27 pm 
999 |a MARS 
999 f f |s e4a38fca-42b0-30f0-9bf4-8c74819a28bb  |i 1c9fbe5c-0d80-37c2-b952-853b8213d030  |t 0 
952 f f |p ric  |a Texas A&M University  |b Rellis Campus  |c Joint Library Facility  |d Remote Storage  |t 0  |e HD70.R9 K68 2004  |h Library of Congress classification  |i unmediated -- volume  |m A14832009223 
998 f f |a HD70.R9 K68 2004  |t 0  |l Remote Storage